[Event "CCT Play-in Chessable Masters 2024"]
[Site "Online"]
[Date "2024.01.31"]
[Round "4"]
[White "kpio91"]
[Black "tptagain"]
[Result "1-0"]
[WhiteElo "2382"]
[BlackElo "2629"]
[Annotator "NA"]
[PlyCount "85"]
[EventDate "2024.01.26"]
[EventType "swiss"]
[EventCountry "NET"]
[SourceTitle "playchess.com"]
[Source "ChessBase"]
[SourceQuality "1"]

1. e4 c6 2. d4 d5 3. Nc3 dxe4 4. Nxe4 Nf6 5. Nxf6+ exf6 6. Bc4 Bd6 7. Qe2+ Be7 8. Nf3 O-O 9. O-O a5 10. h3 Na6 11. Bf4 Nb4 12. Rfe1 Re8 13. Qd2 Bf5 14. c3 Nd5 15. Bg3 b5 16. Bf1 a4 17. b3 Qd7 18. Qc1 h5 19. Qd2 a3 20. Bd3 b4 21. c4 Nc3 22. Re3 Bxd3 23. Qxd3 Bf8 24. Ne1 Rxe3 25. fxe3 Re8 26. Nc2 Ne4 27. Be1 c5 28. Rd1 Qf5 29. dxc5 Bxc5 30. Qd7 Re6 31. Rd5 Qg6 32. Qc8+ Kh7 33. Rd8 Qg5 34. Rh8+ Kg6 35. Qg8 Bxe3+ 36. Kh1 Kf5 37. Rxh5 Ng3+ 38. Bxg3 Qxh5 39. Be1 Qd1 40. Qh7+ g6 41. Qh4 Qxc2 42. Qg4+ Ke5 43. Bg3+ 1-0

[Event "CCT Play-in Chessable Masters 2024"]
[Site "Online"]
[Date "2024.01.31"]
[Round "4"]
[White "Janosik, Gyorgy"]
[Black "igorkovalenko"]
[Result "1/2-1/2"]
[WhiteElo "2235"]
[BlackElo "2606"]
[Annotator "RC"]
[PlyCount "140"]
[EventDate "2024.01.26"]
[EventType "swiss"]
[EventCountry "NET"]
[SourceTitle "playchess.com"]
[Source "ChessBase"]
[SourceQuality "1"]

1. d4 Nf6 2. c4 e6 3. Nc3 Bb4 4. Qc2 d6 5. Nf3 Nbd7 6. Bd2 e5 7. a3 Bxc3 8. Bxc3 Qe7 9. dxe5 dxe5 10. e3 O-O 11. Be2 b6 12. O-O Bb7 13. b4 Rfe8 14. Rfd1 Rad8 15. h3 Ne4 16. Bb2 c5 17. Qa4 a6 18. Qb3 h6 19. Rac1 Bc6 20. b5 Bb7 21. a4 a5 22. Qc2 Ng5 23. Nxg5 Qxg5 24. Bg4 Nf6 25. Qf5 Nxg4 26. Qxg5 hxg5 27. hxg4 e4 28. Be5 Rxd1+ 29. Rxd1 Rxe5 30. Rd7 Re6 31. Rxb7 g6 32. Kf1 Kg7 33. Ke2 Kf6 34. Rd7 Re7 35. Rd8 Ke5 36. f3 exf3+ 37. gxf3 f5 38. Rd5+ Kf6 39. Kd3 Ke6 40. e4 Rf7 41. Ke3 Rf8 42. e5 Rh8 43. Rd6+ Kxe5 44. Rxg6 fxg4 45. Rxg5+ Kf6 46. Rxg4 Rh1 47. Ke4 Rd1 48. Ke3 Rc1 49. Kd3 Ra1 50. Rh4 Rxa4 51. Rh6+ Ke5 52. Rxb6 Ra3+ 53. Ke2 Kd4 54. f4 Kxc4 55. f5 Rh3 56. f6 Rh7 57. Ke3 a4 58. Ke4 a3 59. Ra6 Kxb5 60. Rxa3 c4 61. Kd5 Kb4 62. Rf3 c3 63. f7 Rxf7 64. Rxf7 c2 65. Rc7 Kb3 66. Kd4 Kb2 67. Rb7+ Ka2 68. Rc7 Kb2 69. Rb7+ Ka2 70. Rc7 Kb2 1/2-1/2

[Event "CCT Play-in Chessable Masters 2024"]
[Site "Online"]
[Date "2024.01.31"]
[Round "4"]
[White "Nemegejas"]
[Black "Bartel, Mateusz"]
[Result "1-0"]
[WhiteElo "2166"]
[BlackElo "2657"]
[Annotator "TA"]
[PlyCount "75"]
[EventDate "2024.01.26"]
[EventType "swiss"]
[EventCountry "NET"]
[SourceTitle "playchess.com"]
[Source "ChessBase"]
[SourceQuality "1"]

1. d4 Nf6 2. Bg5 e6 3. e4 h6 4. Bxf6 Qxf6 5. Nc3 Qd8 6. Qg4 d5 7. O-O-O Nd7 8. Bd3 Nf6 9. Qg3 dxe4 10. Nxe4 Nxe4 11. Bxe4 Qg5+ 12. Qxg5 hxg5 13. Nf3 Bd6 14. h3 f6 15. Rhe1 Kf7 16. c4 c6 17. Kb1 a5 18. Re2 Rd8 19. a3 Rb8 20. Rde1 b5 21. c5 Bc7 22. Bxc6 a4 23. d5 Ba5 24. Rxe6 Bxe6 25. Rxe6 b4 26. Kc2 bxa3 27. bxa3 Rb3 28. Re3 Rdb8 29. Nd4 Rb2+ 30. Kd3 Rd2+ 31. Kc4 Rb1 32. Be8+ Kg8 33. Bg6 Rc1+ 34. Kb5 Rb2+ 35. Kxa5 Rxc5+ 36. Ka6 Rb8 37. Nc6 Rf8 38. Kb6 1-0

[Event "CCT Play-in Chessable Masters 2024"]
[Site "Online"]
[Date "2024.01.31"]
[Round "4"]
[White "Mileo, Miguelito"]
[Black "Bluebaum, Matthias"]
[Result "1/2-1/2"]
[WhiteElo "1721"]
[BlackElo "2655"]
[Annotator "TA"]
[PlyCount "61"]
[EventDate "2024.01.26"]
[EventType "swiss"]
[EventCountry "NET"]
[SourceTitle "playchess.com"]
[Source "ChessBase"]
[SourceQuality "1"]

1. e4 e6 2. d4 d5 3. exd5 exd5 4. Nf3 Nc6 5. Bd3 Nb4 6. Bb5+ c6 7. Ba4 Bd6 8. O-O Ne7 9. c3 Na6 10. Re1 O-O 11. Nbd2 Nc7 12. Nf1 Ng6 13. Bc2 h6 14. Ng3 Bg4 15. h3 Be6 16. Nh5 Re8 17. Qd3 Bd7 18. Be3 Ne6 19. Ne5 Bxe5 20. dxe5 Qh4 21. Ng3 Nef4 22. Bxf4 Qxf4 23. Qd4 Rxe5 24. Bxg6 Qxd4 25. Bxf7+ Kxf7 26. cxd4 Rxe1+ 27. Rxe1 a5 28. f3 a4 29. a3 Ra5 30. Rd1 Ke7 31. Ne2 1/2-1/2

[Event "CCT Play-in Chessable Masters 2024"]
[Site "Online"]
[Date "2024.01.31"]
[Round "4"]
[White "Sethu Madhav Upadhyayula"]
[Black "Durarbayli, Vasif"]
[Result "1-0"]
[WhiteElo "1502"]
[BlackElo "2627"]
[Annotator "RC"]
[PlyCount "93"]
[EventDate "2024.01.26"]
[EventType "swiss"]
[EventCountry "NET"]
[SourceTitle "playchess.com"]
[Source "ChessBase"]
[SourceQuality "1"]

1. e4 e5 2. Nf3 Nc6 3. Bc4 Nf6 4. d3 h6 5. a4 d6 6. a5 g6 7. a6 b6 8. Bb5 Bd7 9. c4 Bg7 10. Nc3 O-O 11. O-O Nb4 12. Bxd7 Qxd7 13. d4 exd4 14. Nxd4 Ng4 15. Ra4 Ne5 16. Rxb4 c5 17. Ra4 cxd4 18. Nd5 f5 19. f4 fxe4 20. fxe5 Rxf1+ 21. Kxf1 dxe5 22. Ra3 b5 23. Qe2 e3 24. Nxe3 dxe3 25. Bxe3 Qf5+ 26. Ke1 Qb1+ 27. Qd1 Qxb2 28. Rb3 Qa2 29. Qd5+ Kh7 30. Qxa8 Qxb3 31. Qxa7 bxc4 32. Qb6 Qa3 33. a7 c3 34. Qc6 c2 35. Kf2 Qb2 36. Kf3 e4+ 37. Qxe4 Qc3 38. Kf2 Qb2 39. Kg3 Qc3 40. Qf3 Be5+ 41. Kh3 Qc8+ 42. g4 h5 43. a8=Q hxg4+ 44. Kh4 Bf6+ 45. Qxf6 Qxa8 46. Qf7+ Kh8 47. Bd4# 1-0

[Event "CCT Play-in Chessable Masters 2024"]
[Site "Online"]
[Date "2024.01.31"]
[Round "5"]
[White "So, Wesley"]
[Black "Kamsky, Gata"]
[Result "1-0"]
[WhiteElo "2757"]
[BlackElo "2623"]
[Annotator "TA"]
[PlyCount "73"]
[EventDate "2024.01.26"]
[EventType "swiss"]
[EventCountry "NET"]
[SourceTitle "playchess.com"]
[Source "ChessBase"]
[SourceQuality "1"]

1. e4 e5 2. Nf3 Nc6 3. Bc4 Nf6 4. d3 h6 5. c3 d6 6. O-O g6 7. d4 Qe7 8. b4 a6 9. Re1 Bg7 10. a4 O-O 11. Ba3 Bg4 12. b5 Bxf3 13. Qxf3 Na5 14. Ba2 Nd7 15. dxe5 Qxe5 16. Qg4 Nc5 17. f4 Qh5 18. Qxh5 gxh5 19. Bxc5 dxc5 20. bxa6 Rxa6 21. e5 c4 22. Nd2 Rc6 23. Re4 f6 24. Nxc4 Nxc4 25. Rxc4 Rxc4 26. Bxc4+ Kh8 27. e6 f5 28. Rd1 Bf6 29. Rd7 Rc8 30. Bd3 Bxc3 31. Bxf5 Bf6 32. Kf1 Re8 33. Rf7 Be7 34. Bg6 Kg8 35. f5 Bd6 36. Rd7 Re7 37. f6 1-0

[Event "CCT Play-in Chessable Masters 2024"]
[Site "Online"]
[Date "2024.01.31"]
[Round "5"]
[White "Dominguez Perez, Leinier"]
[Black "Alonso Rosell, Alvar"]
[Result "1-0"]
[WhiteElo "2752"]
[BlackElo "2562"]
[Annotator "TA"]
[PlyCount "73"]
[EventDate "2024.01.26"]
[EventType "swiss"]
[EventCountry "NET"]
[SourceTitle "playchess.com"]
[Source "ChessBase"]
[SourceQuality "1"]

1. e4 e5 2. Nf3 Nc6 3. Bb5 a6 4. Ba4 d6 5. O-O Bd7 6. c3 Nf6 7. Re1 g6 8. d4 Bg7 9. h3 O-O 10. Bc2 Re8 11. d5 Na5 12. b3 b5 13. Na3 c6 14. c4 b4 15. Nb1 cxd5 16. cxd5 Qc7 17. a3 Rec8 18. Ra2 bxa3 19. Nxa3 Nh5 20. Be3 Nf4 21. Nd2 Bb5 22. Nxb5 axb5 23. g3 g5 24. Nf3 Nxh3+ 25. Kh2 g4 26. Ng1 Nxg1 27. Qxg4 h5 28. Qxh5 Nxb3 29. Rxa8 Rxa8 30. Bxb3 Qc3 31. Rxg1 Qxb3 32. Qg4 Qb2 33. Kg2 Kf8 34. Rc1 b4 35. Rc7 Qb1 36. Qf5 f6 37. Qg6 1-0

[Event "CCT Play-in Chessable Masters 2024"]
[Site "Online"]
[Date "2024.01.31"]
[Round "5"]
[White "Keymer, Vincent"]
[Black "Svidler, Peter"]
[Result "1-0"]
[WhiteElo "2743"]
[BlackElo "2689"]
[Annotator "RC"]
[PlyCount "87"]
[EventDate "2024.01.26"]
[EventType "swiss"]
[EventCountry "NET"]
[SourceTitle "playchess.com"]
[Source "ChessBase"]
[SourceQuality "1"]

1. Nf3 Nf6 2. c4 c5 3. Nc3 Nc6 4. g3 d5 5. d4 e6 6. cxd5 Nxd5 7. Bg2 cxd4 8. Nxd4 Nxc3 9. bxc3 Nxd4 10. Qxd4 Qxd4 11. cxd4 Bd6 12. a4 Rb8 13. a5 Bd7 14. Ba3 Ke7 15. Kd2 Rhc8 16. Rhb1 b5 17. axb6 Rxb6 18. Rxb6 axb6 19. e4 Bxa3 20. Rxa3 Rc4 21. Ke3 Ra4 22. Rb3 b5 23. Bf1 b4 24. Bc4 Ra3 25. Rxa3 bxa3 26. e5 Bb5 27. Ba2 h6 28. Kd2 f6 29. Kc3 fxe5 30. dxe5 g5 31. Kb4 Be8 32. Kxa3 Bg6 33. Kb4 Be4 34. Kc5 Bg6 35. Bc4 Bf5 36. Kd4 Bg4 37. Bd3 Kf7 38. Ke3 Ke7 39. Bh7 Kf7 40. f3 Bh3 41. Kf2 h5 42. Bd3 Kg7 43. g4 h4 44. Bf1 1-0

[Event "CCT Play-in Chessable Masters 2024"]
[Site "Online"]
[Date "2024.01.31"]
[Round "5"]
[White "Vidit, Santosh Gujrathi"]
[Black "Kevlishvili, Robby"]
[Result "1-0"]
[WhiteElo "2742"]
[BlackElo "2531"]
[Annotator "TA"]
[PlyCount "93"]
[EventDate "2024.01.26"]
[EventType "swiss"]
[EventCountry "NET"]
[SourceTitle "playchess.com"]
[Source "ChessBase"]
[SourceQuality "1"]

1. e4 e5 2. Nf3 Nc6 3. Bb5 a6 4. Ba4 Nf6 5. O-O Be7 6. Bxc6 dxc6 7. d3 Nd7 8. Be3 O-O 9. Nbd2 Re8 10. a4 a5 11. Kh1 b6 12. Ng1 Nf8 13. Ne2 Ng6 14. Ng3 Be6 15. Qf3 Nh4 16. Qe2 Qd7 17. f4 Bg4 18. Qf2 exf4 19. Bxf4 Rf8 20. Nc4 Ng6 21. Ne3 Be6 22. Nef5 Bf6 23. d4 Rae8 24. Rae1 Bc4 25. Rg1 Bxd4 26. Nxd4 Nxf4 27. b3 Ba6 28. Rd1 Qg4 29. Ndf5 Ne2 30. Nxe2 Bxe2 31. Rde1 Ba6 32. Re3 Rxe4 33. Nh6+ gxh6 34. Rg3 Rfe8 35. Rxg4+ Rxg4 36. Re1 Rf8 37. Re7 Bc8 38. h3 Rg6 39. Rxc7 Be6 40. Rxc6 Rd8 41. Rxb6 Rd1+ 42. Kh2 Kg7 43. c4 Rd3 44. Qb2+ Rf6 45. Rb5 Rd1 46. Rxa5 Rdf1 47. Re5 1-0

[Event "CCT Play-in Chessable Masters 2024"]
[Site "Online"]
[Date "2024.01.31"]
[Round "5"]
[White "Grischuk, Alexander"]
[Black "Muradli, Mahammad"]
[Result "1-0"]
[WhiteElo "2732"]
[BlackElo "2555"]
[Annotator "TA"]
[PlyCount "137"]
[EventDate "2024.01.26"]
[EventType "swiss"]
[EventCountry "NET"]
[SourceTitle "playchess.com"]
[Source "ChessBase"]
[SourceQuality "1"]

1. d4 Nf6 2. Bf4 d5 3. Nf3 Bf5 4. c4 e6 5. Qb3 Nc6 6. c5 Rb8 7. e3 Be7 8. h3 O-O 9. Nc3 Ne4 10. Be2 b6 11. Qa4 Nxc3 12. bxc3 Na5 13. O-O Qc8 14. Rfc1 Rd8 15. cxb6 axb6 16. c4 dxc4 17. Bxc4 Ra8 18. Bf1 c5 19. Qb5 Qc6 20. Qxc6 Nxc6 21. Bc7 Rdc8 22. Bxb6 cxd4 23. Nxd4 Nxd4 24. Bxd4 Ba3 25. Rxc8+ Rxc8 26. Bb5 h6 27. Ba4 Be4 28. Bb3 Rc6 29. Rd1 Bc2 30. Rd2 Bxb3 31. axb3 f6 32. f4 Bf8 33. Kf2 Kf7 34. Ke2 Rc1 35. Kd3 Bd6 36. Rc2 Rb1 37. Kc4 e5 38. fxe5 fxe5 39. Bc3 Ke6 40. b4 Bc7 41. Ra2 Kf5 42. Ra7 Bb6 43. Re7 Bxe3 44. Rxe5+ Kf4 45. Re6 g5 46. Rxh6 Kg3 47. Rg6 Bf4 48. Bf6 Rc1+ 49. Kd5 Rd1+ 50. Kc6 Rd6+ 51. Kc5 Re6 52. Kd5 Rb6 53. Kc5 Be3+ 54. Kc4 Bf4 55. b5 Re6 56. Kd5 Rb6 57. Kc4 Re6 58. h4 g4 59. h5 Kxg2 60. Rxg4+ Kf3 61. Rg6 Be3 62. Bd4 Re4 63. Rd6 Bf4 64. Rd7 Kg4 65. Kd5 Re8 66. b6 Kxh5 67. b7 Kg4 68. Bc5 Re5+ 69. Kc6 1-0

[Event "CCT Play-in Chessable Masters 2024"]
[Site "Online"]
[Date "2024.01.31"]
[Round "5"]
[White "Andreikin, Dmitry"]
[Black "Malakhov, Vladimir"]
[Result "0-1"]
[WhiteElo "2729"]
[BlackElo "2648"]
[Annotator "RC"]
[PlyCount "100"]
[EventDate "2024.01.26"]
[EventType "swiss"]
[EventCountry "NET"]
[SourceTitle "playchess.com"]
[Source "ChessBase"]
[SourceQuality "1"]

1. d4 d5 2. c4 c6 3. Nf3 Nf6 4. e3 Bf5 5. Nc3 e6 6. Nh4 Bg6 7. Qb3 Qc7 8. Bd2 Nbd7 9. Rc1 Qb6 10. Nxg6 Qxb3 11. axb3 hxg6 12. g3 Ne4 13. cxd5 exd5 14. Nxe4 dxe4 15. d5 c5 16. b4 a6 17. b5 a5 18. Bc3 Rh7 19. Ra1 b6 20. Ra4 f5 21. f3 exf3 22. e4 Bd6 23. Kf2 O-O-O 24. h4 Ne5 25. Bh3 Rf8 26. Bxe5 Bxe5 27. Kxf3 Kc7 28. Rf1 fxe4+ 29. Kxe4 Rxf1 30. Bxf1 Bxg3 31. Kf3 Rxh4 32. Rxh4 Bxh4 33. b3 Kd6 34. Ke4 Bf6 35. Be2 c4 36. Bxc4 Kc5 37. Kd3 g5 38. d6 Kxd6 39. Kc2 Kc5 40. Be2 g4 41. Bxg4 Kxb5 42. Kd3 Kb4 43. Be6 b5 44. Bf7 a4 45. bxa4 bxa4 46. Kc2 g5 47. Be6 a3 48. Kd3 g4 49. Ke4 g3 50. Kf3 Be5 0-1

[Event "CCT Play-in Chessable Masters 2024"]
[Site "Online"]
[Date "2024.01.31"]
[Round "5"]
[White "Yu, Yangyi"]
[Black "Deac, Bogdan-Daniel"]
[Result "1/2-1/2"]
[WhiteElo "2720"]
[BlackElo "2690"]
[Annotator "TA"]
[PlyCount "68"]
[EventDate "2024.01.26"]
[EventType "swiss"]
[EventCountry "NET"]
[SourceTitle "playchess.com"]
[Source "ChessBase"]
[SourceQuality "1"]

1. e4 e5 2. Nf3 Nf6 3. Nxe5 d6 4. Nf3 Nxe4 5. d4 d5 6. Bd3 Bd6 7. O-O O-O 8. Re1 Bf5 9. Nc3 Nxc3 10. bxc3 Bxd3 11. cxd3 c6 12. Qb3 b6 13. Bg5 Qc7 14. Re2 Nd7 15. Rae1 f6 16. Bh4 b5 17. Bg3 Bxg3 18. hxg3 Rf7 19. a4 a6 20. Qa3 g6 21. Re6 Rc8 22. g4 Nf8 23. Re7 Rxe7 24. Rxe7 Qf4 25. axb5 cxb5 26. Ra7 Rc7 27. Rxa6 b4 28. Qxb4 Qc1+ 29. Kh2 Qf4+ 30. Kh1 Qh6+ 31. Kg1 Qc1+ 32. Kh2 Qf4+ 33. Kh1 Qh6+ 34. Kg1 Qc1+ 1/2-1/2

[Event "CCT Play-in Chessable Masters 2024"]
[Site "Online"]
[Date "2024.01.31"]
[Round "5"]
[White "Dubov, Daniil"]
[Black "vugarrasulov"]
[Result "0-1"]
[WhiteElo "2708"]
[BlackElo "2585"]
[Annotator "TA"]
[PlyCount "100"]
[EventDate "2024.01.26"]
[EventType "swiss"]
[EventCountry "NET"]
[SourceTitle "playchess.com"]
[Source "ChessBase"]
[SourceQuality "1"]

1. d4 Nf6 2. Nf3 e6 3. c4 Bb4+ 4. Bd2 Qe7 5. g3 Nc6 6. Bg2 Bxd2+ 7. Qxd2 Ne4 8. Qc1 Qb4+ 9. Nc3 Nxc3 10. Qxc3 Qxc3+ 11. bxc3 d6 12. Rb1 Rb8 13. c5 Bd7 14. O-O Ke7 15. Rfc1 b6 16. Nd2 bxc5 17. dxc5 Rhd8 18. f4 Na5 19. cxd6+ cxd6 20. Be4 Rdc8 21. Kf2 Rxb1 22. Bxb1 Rb8 23. Bd3 Rb2 24. Rc2 Rb6 25. Rc1 Rb2 26. Rc2 Rb7 27. Rc1 d5 28. e4 dxe4 29. Bxe4 Rc7 30. Ke3 h6 31. c4 Bc6 32. Bxc6 Rxc6 33. Kd4 Ra6 34. Nb3 Nc6+ 35. Kc5 Kd7 36. Rd1+ Kc7 37. Rd6 Rb6 38. Nd4 Nxd4 39. Rxb6 axb6+ 40. Kxd4 Kd6 41. a4 f6 42. h4 h5 43. c5+ bxc5+ 44. Kc4 e5 45. fxe5+ fxe5 46. Kb5 e4 47. Kc4 Kc6 48. Kc3 Kb6 49. Kc4 Ka5 50. Kb3 e3 0-1

[Event "CCT Play-in Chessable Masters 2024"]
[Site "Online"]
[Date "2024.01.31"]
[Round "5"]
[White "HansOnTwitch"]
[Black "Zhu, Jiner"]
[Result "1-0"]
[WhiteElo "2707"]
[BlackElo "2467"]
[Annotator "TA"]
[PlyCount "133"]
[EventDate "2024.01.26"]
[EventType "swiss"]
[EventCountry "NET"]
[SourceTitle "playchess.com"]
[Source "ChessBase"]
[SourceQuality "1"]

1. e4 c5 2. Nf3 Nc6 3. Bb5 g6 4. O-O Bg7 5. Bxc6 bxc6 6. Re1 Nf6 7. e5 Nd5 8. c4 Nc7 9. d4 cxd4 10. Qxd4 Ne6 11. Qh4 d6 12. Nc3 dxe5 13. Nxe5 Qc7 14. Nf3 O-O 15. Bh6 Bf6 16. Ng5 Bxg5 17. Bxg5 Nxg5 18. Qxg5 Be6 19. Re4 Rad8 20. Qh6 Bf5 21. Rh4 g5 22. Qxg5+ Bg6 23. Re1 f6 24. Qc5 Qb6 25. Na4 Qxc5 26. Nxc5 Rd2 27. h3 e5 28. f4 Rxb2 29. a4 Re8 30. Nd7 Kg7 31. fxe5 fxe5 32. Rxe5 Rxe5 33. Nxe5 Rb4 34. a5 c5 35. Rg4 Ra4 36. h4 Kf6 37. Nxg6 hxg6 38. Kh2 Rxa5 39. Rg5 Ra3 40. Rxc5 Rc3 41. g3 a5 42. Kh3 a4 43. Kg4 a3 44. Rc6+ Kf7 45. Kh3 a2 46. Ra6 Rxc4 47. Rxa2 Kf6 48. Ra6+ Kg7 49. Ra3 Rb4 50. Kg2 Rc4 51. Kf3 Kf6 52. g4 Rb4 53. Ra6+ Kf7 54. Rd6 Ra4 55. Rd3 Rb4 56. Re3 Rb1 57. Kf4 Rb5 58. Re5 Rb4+ 59. Kg5 Ra4 60. Rb5 Rc4 61. Rb6 Rc5+ 62. Kh6 Rc8 63. Rxg6 Rh8+ 64. Kg5 Rxh4 65. Rf6+ Kg7 66. Kxh4 Kxf6 67. Kh5 1-0

[Event "CCT Play-in Chessable Masters 2024"]
[Site "Online"]
[Date "2024.01.31"]
[Round "5"]
[White "LevonAronian"]
[Black "Klekowski, Maciej"]
[Result "1-0"]
[WhiteElo "2706"]
[BlackElo "2477"]
[Annotator "TA"]
[PlyCount "63"]
[EventDate "2024.01.26"]
[EventType "swiss"]
[EventCountry "NET"]
[SourceTitle "playchess.com"]
[Source "ChessBase"]
[SourceQuality "1"]

1. e4 c5 2. Nf3 e6 3. c3 Nf6 4. Bd3 Nc6 5. Bc2 e5 6. O-O d5 7. Ba4 dxe4 8. Nxe5 Bd6 9. Nxc6 bxc6 10. Bxc6+ Kf8 11. Bxa8 Bxh2+ 12. Kxh2 Ng4+ 13. Kg1 Qh4 14. Qxg4 Bxg4 15. d3 Be2 16. Re1 Bxd3 17. Be3 f5 18. Bd5 Ke7 19. Nd2 Rd8 20. Nf3 Qg4 21. Bxc5+ Kf6 22. Bd4+ Ke7 23. Ne5 Qg5 24. Nc6+ Kd6 25. Nxd8 Kxd5 26. Nf7 Qh4 27. Ne5 f4 28. Nxd3 exd3 29. Re5+ Kd6 30. Rd1 f3 31. gxf3 Qh6 32. Re3 1-0

[Event "CCT Play-in Chessable Masters 2024"]
[Site "Online"]
[Date "2024.01.31"]
[Round "5"]
[White "Tabatabaei, M. Amin"]
[Black "Nesterov, Arseniy"]
[Result "1-0"]
[WhiteElo "2696"]
[BlackElo "2584"]
[Annotator "RC"]
[PlyCount "143"]
[EventDate "2024.01.26"]
[EventType "swiss"]
[EventCountry "NET"]
[SourceTitle "playchess.com"]
[Source "ChessBase"]
[SourceQuality "1"]

1. d4 d5 2. c4 c6 3. Nf3 Nf6 4. g3 Bg4 5. Ne5 Bf5 6. cxd5 cxd5 7. Nc3 Nc6 8. f3 Bd7 9. Bg2 e6 10. f4 Bb4 11. O-O O-O 12. Be3 Rc8 13. Rc1 Bxc3 14. Rxc3 Ne4 15. Bxe4 dxe4 16. Qc2 Nxe5 17. dxe5 Rxc3 18. Qxc3 Bc6 19. Qa3 a6 20. Rc1 Qd5 21. Kf2 h6 22. b3 Rd8 23. Qe7 Qd7 24. Qb4 Qd5 25. g4 a5 26. Qe7 a4 27. Rg1 axb3 28. axb3 Ra8 29. g5 Re8 30. Qa3 hxg5 31. Rxg5 Qd1 32. Rg1 Qd8 33. Rg4 Qd1 34. Rg1 Qd8 35. Kg3 Bb5 36. Qb2 Qd5 37. Kf2 Qd8 38. Rg5 Qd1 39. Rg1 Qd8 40. Kg3 Qd5 41. h3 Rc8 42. h4 Qc6 43. Rc1 Qd7 44. Re1 Qc6 45. Qd4 Qc3 46. Rc1 Qxc1 47. Bxc1 Rxc1 48. Qd8+ Kh7 49. Qd4 Bc6 50. b4 Bd5 51. f5 Rc4 52. Qd2 e3 53. Qxe3 exf5 54. Qd3 Rg4+ 55. Kf2 Be6 56. b5 Rxh4 57. b6 Rb4 58. Qe3 Rb3 59. Qc5 g5 60. Qc7 Bd5 61. e6 Bxe6 62. Qxb7 g4 63. e3 f4 64. Qe4+ Kg8 65. Qa8+ Kg7 66. Qa1+ Kg8 67. Qa8+ Kg7 68. Qa1+ Kg8 69. b7 fxe3+ 70. Ke1 Bd5 71. Qa8+ Kg7 72. b8=Q 1-0

[Event "CCT Play-in Chessable Masters 2024"]
[Site "Online"]
[Date "2024.01.31"]
[Round "5"]
[White "Sjugirov, Sanan"]
[Black "Prohaszka, Peter"]
[Result "1/2-1/2"]
[WhiteElo "2695"]
[BlackElo "2578"]
[Annotator "TA"]
[PlyCount "89"]
[EventDate "2024.01.26"]
[EventType "swiss"]
[EventCountry "NET"]
[SourceTitle "playchess.com"]
[Source "ChessBase"]
[SourceQuality "1"]

1. Nf3 d5 2. g3 Bg4 3. Ne5 Bf5 4. c4 c6 5. d4 Nd7 6. Bg2 e6 7. Qb3 Qb6 8. Nxd7 Qxb3 9. axb3 Kxd7 10. Nd2 Nf6 11. O-O Bd6 12. f3 Bb4 13. e4 Bg6 14. exd5 cxd5 15. f4 Bc2 16. f5 Bxd2 17. fxe6+ fxe6 18. Bxd2 Bxb3 19. c5 a6 20. Bf4 Bc4 21. Rfe1 Ne4 22. Bxe4 dxe4 23. Rxe4 Bd5 24. Re3 Rhf8 25. h4 h6 26. Rae1 Rf5 27. Re5 Raf8 28. Rxf5 Rxf5 29. Re5 Rf7 30. Kf2 Kc6 31. Ke3 Kb5 32. Kd3 a5 33. Kc3 a4 34. Re3 Rf5 35. Re5 Rf8 36. Re3 Rg8 37. h5 Rf8 38. Be5 Rf7 39. g4 Rf3 40. Rxf3 Bxf3 41. Bxg7 Bxg4 42. Bxh6 Bxh5 43. Bf4 Bf3 44. Be5 Bd5 45. Bf4 1/2-1/2

[Event "CCT Play-in Chessable Masters 2024"]
[Site "Online"]
[Date "2024.01.31"]
[Round "5"]
[White "GeorgMeier"]
[Black "Dedic8"]
[Result "1/2-1/2"]
[WhiteElo "2677"]
[BlackElo "2545"]
[Annotator "TA"]
[PlyCount "100"]
[EventDate "2024.01.26"]
[EventType "swiss"]
[EventCountry "NET"]
[SourceTitle "playchess.com"]
[Source "ChessBase"]
[SourceQuality "1"]

1. Nf3 d5 2. g3 g6 3. Bg2 Bg7 4. d4 Nf6 5. c4 c6 6. O-O O-O 7. cxd5 cxd5 8. Nc3 Ne4 9. Ne5 Nxc3 10. bxc3 Nc6 11. Nxc6 bxc6 12. Qa4 Qb6 13. Ba3 Qa6 14. Qxa6 Bxa6 15. Rfb1 Rfb8 16. Bf1 Bf8 17. Bc5 Bc4 18. e3 Bxf1 19. Kxf1 e6 20. Rxb8 Rxb8 21. Bxa7 Rb7 22. Bc5 Bxc5 23. dxc5 Rb5 24. a4 Ra5 25. Ke2 Kf8 26. Kd3 e5 27. c4 Ke7 28. cxd5 cxd5 29. f4 Ke6 30. c6 e4+ 31. Kc3 Rc5+ 32. Kb4 Rc4+ 33. Kb5 Kd6 34. a5 Rc2 35. a6 Rb2+ 36. Ka5 Kxc6 37. Rc1+ Kd6 38. a7 Ra2+ 39. Kb6 d4 40. exd4 e3 41. Re1 Rb2+ 42. Ka6 Ra2+ 43. Kb7 Rb2+ 44. Kc8 Ra2 45. Rxe3 Rxa7 46. h4 Ra8+ 47. Kb7 Ra4 48. Kc8 Ra8+ 49. Kb7 Ra4 50. Kc8 Ra8+ 1/2-1/2

[Event "CCT Play-in Chessable Masters 2024"]
[Site "Online"]
[Date "2024.01.31"]
[Round "5"]
[White "Sargissian, Gabriel"]
[Black "Demchenko, Anton"]
[Result "0-1"]
[WhiteElo "2672"]
[BlackElo "2609"]
[Annotator "TA"]
[PlyCount "76"]
[EventDate "2024.01.26"]
[EventType "swiss"]
[EventCountry "NET"]
[SourceTitle "playchess.com"]
[Source "ChessBase"]
[SourceQuality "1"]

1. d4 Nf6 2. c4 d6 3. Nf3 Nc6 4. Nc3 e5 5. dxe5 dxe5 6. Qxd8+ Kxd8 7. Bg5 Be6 8. O-O-O+ Kc8 9. Bxf6 gxf6 10. e3 a5 11. a3 f5 12. g3 e4 13. Ng5 Be7 14. Nxe6 fxe6 15. Nb5 Bf6 16. Be2 h5 17. h4 a4 18. Kc2 Na5 19. Nd4 Bxd4 20. exd4 c5 21. dxc5 Nb3 22. f3 Nxc5 23. fxe4 Nxe4 24. Bf3 Nf2 25. Rhe1 Nxd1 26. Bxd1 Kd7 27. Kc3 Raf8 28. Bxa4+ Ke7 29. Bb3 Kf6 30. c5 Re8 31. Ba4 Re7 32. b4 Rg8 33. Re3 Reg7 34. Kc4 Rxg3 35. Re1 R8g4+ 36. Kb5 Rxa3 37. Bd1 Rxh4 38. Rf1 Ra1 0-1

[Event "CCT Play-in Chessable Masters 2024"]
[Site "Online"]
[Date "2024.01.31"]
[Round "5"]
[White "alexrustemov"]
[Black "Gadimbayli, Abdulla"]
[Result "0-1"]
[WhiteElo "2671"]
[BlackElo "2489"]
[Annotator "TA"]
[PlyCount "66"]
[EventDate "2024.01.26"]
[EventType "swiss"]
[EventCountry "NET"]
[SourceTitle "playchess.com"]
[Source "ChessBase"]
[SourceQuality "1"]

1. d4 d5 2. c4 e5 3. dxe5 d4 4. Nf3 Nc6 5. a3 Nge7 6. b4 Ng6 7. Bb2 a5 8. b5 Ncxe5 9. Nxe5 Nxe5 10. Qxd4 Qxd4 11. Bxd4 Nxc4 12. e3 Be6 13. Be2 f6 14. O-O a4 15. Bc3 Bd6 16. Bb4 Bxb4 17. axb4 Nb6 18. Rc1 O-O-O 19. Kf1 Rd6 20. Ke1 Rhd8 21. Rd1 Rxd1+ 22. Bxd1 Bb3 23. Bg4+ Kb8 24. Nd2 Rd3 25. Bf5 Rd5 26. Bxh7 Rxb5 27. Nxb3 axb3 28. Kd2 Rxb4 29. Bg8 c5 30. Rb1 c4 31. Kc3 Rb5 32. Rd1 Kc7 33. h4 Re5 0-1